000 00700nam a2200241 a 4500
005 20210219152840.0
008 991125n 000 0 spa u
035 _aUPN01000062787
100 1 _aVila Mendiburu, Ignasi
222 _aINFANCIA Y APRENDIZAJE =
222 _bJOURNAL FOR THE STUDY OF EDUCATION AND DEVELOPMENT
245 _aActividades en el contexto familiar y percepción de las capacidades infantiles
260 _aMadrid, EspaƱa
300 _a59-70
362 0 _a1994 No. 66
653 0 _aDESARROLLO INFANTIL
653 0 _aFAMILIA
653 0 _aINTERACCION MADRE-HIJO
700 1 _aBassedas, Merce,
700 1 _ecoaut.
904 _aAC
_b000598
905 _aArticulo
999 _c61884
_d61884